Markterfolg in Japan

שמור ב:
מידע ביבליוגרפי
מחבר ראשי: Simon, Hermann
פורמט: ספר
שפה:Undetermined
יצא לאור: Germany Gabler 1986
נושאים:
תגים: הוספת תג
אין תגיות, היה/י הראשונ/ה לתייג את הרשומה!
Thư viện lưu trữ: Trung tâm Học liệu Trường Đại học Cần Thơ
LEADER 00441nam a2200181Ia 4500
001 CTU_79360
008 210402s9999 xx 000 0 und d
082 |a 380.1 
082 |b S594 
100 |a Simon, Hermann 
245 0 |a Markterfolg in Japan 
245 0 |c Hermann Simon 
260 |a Germany 
260 |b Gabler 
260 |c 1986 
650 |a Marketing 
650 |z Japan 
980 |a Trung tâm Học liệu Trường Đại học Cần Thơ